Normal view MARC view

Entry Personal Name

Number of records used in: 1

001 - CONTROL NUMBER

  • control field: 9698

003 - CONTROL NUMBER IDENTIFIER

  • control field: DLC

005 - DATE AND TIME OF LATEST TRANSACTION

  • control field: 20231007130712.0

008 - FIXED-LENGTH DATA ELEMENTS

  • fixed length control field: 800529n| azannaabn |a aaa

010 ## - LIBRARY OF CONGRESS CONTROL NUMBER

  • LC control number: n 80050234

035 ## - SYSTEM CONTROL NUMBER

  • System control number: (OCoLC)oca00432108

040 ## - CATALOGING SOURCE

  • Original cataloging agency: DLC
  • Language of cataloging: eng
  • Description conventions: rda
  • Transcribing agency: DLC
  • Modifying agency: DLC
  • Modifying agency: MoSU
  • Modifying agency: InU
  • Modifying agency: DLC

046 ## - SPECIAL CODED DATES

  • Birth date: 1911
  • Death date: 1997
  • Source of date scheme: edtf

053 #0 - LC CLASSIFICATION NUMBER

  • Classification number element--single number or beginning number of span: PQ4809.E75

100 1# - HEADING--PERSONAL NAME

  • Personal name: De Céspedes, Alba,
  • Dates associated with a name: 1911-1997

370 ## - ASSOCIATED PLACE

  • Place of birth: Rome (Italy)
  • Place of death: Paris (France)
  • Associated country: Italy
  • Source of term: naf

374 ## - OCCUPATION

  • Occupation: Novelists
  • Occupation: Journalists
  • Occupation: Poets
  • Source of term: lcsh

377 ## - ASSOCIATED LANGUAGE

  • Language code: ita
  • Language code: fre

400 1# - SEE FROM TRACING--PERSONAL NAME

  • Personal name: Céspedes, Alba de,
  • Dates associated with a name: 1911-1997

400 1# - SEE FROM TRACING--PERSONAL NAME

  • Control subfield: nnaa
  • Personal name: Céspedes, Alba de,
  • Dates associated with a name: 1911-

670 ## - SOURCE DATA FOUND

  • Source citation: Nessuno torna indietro ... 1938.

670 ## - SOURCE DATA FOUND

  • Source citation: Alba de Céspedes, c2005:
  • Information found: t.p. (Alba de Céspedes) p. 3 of cover (Alba de Céspedes; b. in Rome in 1911; d. in Paris in 1997; Italian novelist and journalist)

670 ## - SOURCE DATA FOUND

  • Source citation: Parsani, M. Femminile a confronto, 1984:
  • Information found: p. 143 (Alba de Céspedes; b. in Rome in 1911 to Cuban diplomat father and Italian mother; married an Italian diplomat and has lived in the US and in Russia; writer from young age, published novel Nessuno torna indietro in 1938; published volume of French poetry in Paris after the events of May 1968 which was translated into Italian; other principal works listed, in Italian, dating from 1949 to 1967)

672 #0 - TITLE RELATED TO THE ENTITY

  • Title: Chansons des filles de mai, poèmes
  • Date: 1968
  • Bibliographic record control number: (DLC) 77379403
  • Bibliographic record control number: (OCoLC)766705

672 #3 - TITLE RELATED TO THE ENTITY

  • Title: Le ragazze di maggio
  • Date: 1970
  • Bibliographic record control number: (DLC) 70484903
  • Bibliographic record control number: (OCoLC)3511206

Powered by Koha